| 000 | 00505nam a2200181 i 4500 | ||
|---|---|---|---|
| 001 | 141105 | ||
| 003 | ES-MaACL | ||
| 005 | 20250812031015.0 | ||
| 007 | t| | ||
| 008 | 070919s1960 xxk ||||1| eng d | ||
| 100 | 1 |
_aYukio, Yashiro. _9117737 |
|
| 245 | 1 | 0 |
_aArt treasures of Japan / _cYashiro Yikio. |
| 260 |
_aTokyo : _bKokusai Bunka Shinkokai, _c1960. |
||
| 300 |
_a2 v. ; _c35 cm. |
||
| 650 | 1 | 7 |
_aArte japonés _2embne _910236 |
| 852 |
_aES-MaACL _jC-22318-19 _bR.49961 |
||
| 999 |
_c141105 _d141105 |
||